| Tag |
First Indicator |
Second Indicator |
Subfields |
| LEADER |
00000cam a22000001 4500 |
| 001 |
in00000183721 |
| 005 |
20151009050351.0 |
| 008 |
720420s1963 nju b 00000 eng d |
| 010 |
|
|
|a 63015413
|
| 035 |
|
|
|a (OCoLC)01175451
|
| 035 |
|
|
|9 AAU8520AM
|
| 040 |
|
|
|a DLC
|c DLC
|d TXA
|d UtOrBLW
|
| 049 |
|
|
|a TXAM
|c 1 [905149]
|c 2 [361068]
|
| 050 |
|
0 |
|a PR3423
|b .S32
|
| 082 |
0 |
|
|a 821.4
|
| 100 |
1 |
|
|a Schilling, Bernard Nicholas.
|
| 245 |
1 |
0 |
|a Dryden ;
|b a collection of critical essays.
|
| 264 |
|
1 |
|a Englewood Cliffs, N. J. :
|b Prentice-Hall,
|c [1963]
|
| 300 |
|
|
|a v, 186 pages ;
|c 21 cm.
|
| 336 |
|
|
|a text
|b txt
|2 rdacontent
|
| 337 |
|
|
|a unmediated
|b n
|2 rdamedia
|
| 338 |
|
|
|a volume
|b nc
|2 rdacarrier
|
| 490 |
1 |
|
|a A Spectrum book: Twentieth century views
|
| 504 |
|
|
|a Bibliography: page 186.
|
| 541 |
0 |
|
|a Donated by Stanley Archer ; October, 1997.
|
| 600 |
1 |
0 |
|a Dryden, John,
|d 1631-1700.
|
| 830 |
|
0 |
|a Twentieth century views.
|
| 999 |
|
|
|a MARS
|
| 999 |
f |
f |
|s 35e6f330-a547-3027-b5a9-ed063f84e456
|i 286895d2-9c44-33ee-983e-9a4a9a07a8a3
|t 0
|
| 952 |
f |
f |
|p normal
|a Texas A&M University
|b College Station
|c Sterling C. Evans Library
|s Evans stk
|d Evans: Library Stacks
|t 0
|e PR3423 .S32
|h Library of Congress classification
|i unmediated -- volume
|m A14803918738
|
| 952 |
f |
f |
|p ric
|a Texas A&M University
|b Rellis Campus
|c Joint Library Facility
|s JLF
|d Remote Storage
|t 0
|e PR3423 .S32
|h Library of Congress classification
|i unmediated -- volume
|m A14822094200
|
| 998 |
f |
f |
|a PR3423 .S32
|t 0
|l Evans: Library Stacks
|
| 998 |
f |
f |
|a PR3423 .S32
|t 0
|l Remote Storage
|